|
|
|
|
| LEADER |
00961nam a2200265 a 4500 |
| 001 |
1513702 |
| 008 |
090713s1988 enk b 001 0 eng d |
| 010 |
|
|
|a 89127544
|
| 020 |
|
|
|a 0140585966
|
| 040 |
|
|
|a DLC
|c DLC
|d DLC
|
| 082 |
0 |
0 |
|a 821/.7
|2 20
|
| 100 |
1 |
|
|a Blake, William,
|d 1757-1827.
|
| 240 |
1 |
0 |
|a Poems.
|k Selections
|
| 245 |
1 |
0 |
|a William Blake, selected poetry /
|c edited by W.H. Stevenson.
|
| 260 |
|
|
|a London, England ;
|a New York, N.Y., USA :
|b Penguin Books,
|c 1988.
|
| 300 |
|
|
|a 300 p. ;
|c 20 cm.
|
| 490 |
|
4 |
|a The Penguin poetry library
|
| 504 |
|
|
|a Includes Bibliography (p. [295]-296)index.
|
| 541 |
1 |
|
|e 00014390
|
| 650 |
|
0 |
|a English Poetry.
|
| 700 |
1 |
|
|a Stevenson, W. H.
|
| 740 |
0 |
|
|a Selected poetry.
|
| 852 |
4 |
|
|a Ayesha Abed Library
|j General shelf
|
| 999 |
|
|
|c 2329
|d 2329
|
| 952 |
|
|
|0 0
|1 0
|2 ddc
|4 0
|6 821_700000000000000_BLA_1988
|7 0
|9 9399
|a BRACUL
|b BRACUL
|c GEN
|d 2010-04-24
|l 11
|m 75
|o 821.7 BLA
|p 3010014390
|r 2024-03-05
|s 2023-10-25
|t 2
|w 2010-04-24
|y BK
|